1416 1267 1569 1657 1741 1842 1082 1953 1396 1935 1606 1357 1126 1296 1807 1250 1790 1586 1003 1010 1161 1525 1056 1736 1575 1236 1145 1752 1818 1389 1334 1846 1157 1482 1675 1906 1345 1078 1909 1854 1485 1664 1684 1903 1464 1124 1933 1922 1403 1250 1897 1913 1586 1643 1806 1979 1587 1922 1058 1772 1116 1320 1868 1138 1646 1347 1544 1784 1250 1624 1925 1346 1245 1783 1091 1826 1451 1257 1388 1588 1784 1576 1194 1456 1787 1501 1683 1223 1114 1230 1560 1415 1202 1329 1067 1623 1854 1177 1558 BCNSPRNW ULIB Ver.6.0+V

เปลี่ยนเป็นภาษาไทย

Change to English
 แสดงรายละเอียดบรรณานุกรม
  กลับหน้าหลัก

Brief Record : Get Marc (ISO 2709) : E-mail record : QR code < ปิดหน้าต่าง
LEADER : 00000nam 2200000uu 4500
001    13399126102
003     ULIB
008    180605s2017||||th 000 0 tha d
020    ^a9780323353168
060 04 ^aWY159^bM872W
100 0  ^aMarilyn J. Hockenberry
245 00 ^aWong s essentials of pediatric nursing /^c[edited by]
246 30 ^aEssentials of pediatric nursing
250    ^a10th ed.
260    ^aSt. Louis :^bMosby/Elsevier,^c2017
300    ^axxxiii, 1040 p. :^bill. ;^c19 cm. +^e1 computer optical
504    ^aIncludes bibliographical references and index
650  2 ^aPediatric Nursing
700 1  ^aHockenberry, Marilyn J.,^eed.
700 1  ^aWilson, David,^d1950- ,^eed.
700 1  ^aWong, Donna L.,^d1948-2008
856    ^a^z97861691417160025.jpg (Content)^uhttp://192.168.190.19/ULIB6//_fulltext/5/13399113758/20150825174849_2313.jpg
945    ^p3383^l0^i004125
995    ^aKesorn
999    ^aวรรณษา ชูชัยมงคล
รายการนี้ยังไม่มีแท็ก
คุณยังไม่ได้ล็อกอิน คุณสามารถมีกิจกรรมร่วมกับเว็บไซต์ได้ แต่ต้องล็อกอินก่อน ::
  ล็อกอิน

รายการสื่อสารสนเทศ

ลำดับที่ ประเภท เลขเรียก/บาร์โค้ด สถานที่ สถานะ
1. วิทยาศาสตร์การแพทย์ และสุขภาพ
หนังสือสำรอง
สถานะ=หนังสือสำรอง
WY159 M872W ฉ.1 
  Barcode: 004125
ห้องสมุดวิทยาเขตสวรรค์ประชารักษ์
►หนังสือทั่วไป
บนชั้น

รายการใกล้เคียง
    หัวเรื่อง [Pediatric Nursing]

BibComment


ยังไม่เคยถูกคอมเมนท์

คอมเมนท์ทรัพยากรรายการนี้
  คอมเมนท์: Wong s essential..


 Copyright 2026. Bcnsprnw @Library